000 00523nam a2200181Ia 4500
001 24968
005 20260414151119.0
008 260414t2012||||xx |||||||||||||| ||spa||
041 _aESP
082 _a346.01
_bF42 2012
100 _aFérnandez Sessarego, Carlos
_eAUT
245 0 _aDerecho de las personas :
_banálisis artículo por artículo al libro primero del código civil peruano de 1984
260 _c2012
300 _a590 páginas :
_c24 cm.
650 _aDER
654 _aCDE
942 _cLIB
_dJUS
_fJUS
_2ddc
_n
999 _c24968
_d24968